000 00845nam a22002657a 4500
001 32803
003 BD-RjUL
005 20211209051909.0
008 140428s1966 ii ab 001 0 eng
035 _a(BD-RjUL)32893
040 _aDLC
_cDLC
_beng
_dBD-RjUL
041 _aeng
082 _a954.029
_bTRS 1966
100 1 _aTripathi, R. P.
_q(Ram Prasad),
_d1890-
_999745
245 1 0 _aSome aspects of Muslim administration /
_cR.P. Tripathi.
260 _aAllahabad :
_bIndian Press,
_cc1966
300 _aiv, 408 p. ;
_c21 cm.
504 _aIncludes bibliographical references and index.
651 0 _aIndia
_xPolitics and government
_y997-1765.
_977332
830 0 _vitem 10974.
_999748
830 0 _aSAMP early 20th-century Indian books project ;
_999749
942 _2ddc
_cBK
999 _c32803
_d32803